The longest cocktail party : an insider's diary of the Beatles, their million-dollar Apple empire, and its wild rise and fall /

Bibliographic Details
Main Author: DiLello, Richard, 1945-
Format: Book
Language:English
Published: [United States] : Pierian Press, 1983.
Edition:1983 reprint ed., with additions.
Series:Rock & roll remembrances series ; 2.
Subjects:

MARC

Tag First Indicator Second Indicator Subfields
LEADER 00000cam a2200000 a 4500
001 in00000016551
005 20151007052811.0
008 840203r1983 us a b 00110ceng
010 |a  84114295  
020 |a 0876501552 
035 |a (OCoLC)10949919 
035 |9 AAA9241AM 
040 |a DLC  |c DLC  |d m/c  |d TXA  |d UtOrBLW 
049 |a TXAM  |c [A11031370] 
050 0 0 |a ML421.B4  |b D5 1983 
082 0 |a 338.7/6178991/0922  |a B  |2 19 
100 1 |a DiLello, Richard,  |d 1945- 
245 1 4 |a The longest cocktail party :  |b an insider's diary of the Beatles, their million-dollar Apple empire, and its wild rise and fall /  |c Richard DiLello. 
250 |a 1983 reprint ed., with additions. 
264 1 |a [United States] :  |b Pierian Press,  |c 1983. 
300 |a xiii, 339 pages :  |b illustrations ;  |c 24 cm. 
336 |a text  |b txt  |2 rdacontent 
337 |a unmediated  |b n  |2 rdamedia 
338 |a volume  |b nc  |2 rdacarrier 
490 1 |a Rock & roll remembrances series ;  |v 2 
504 |a Discography: pages 309-322. 
500 |a Includes index. 
610 2 0 |a Beatles. 
650 0 |a Rock musicians  |z England  |v Biography. 
610 2 0 |a Apple Records. 
600 1 0 |a DiLello, Richard,  |d 1945- 
830 0 |a Rock & roll remembrances series ;  |v 2. 
999 |a MARS 
999 f f |s 56babe11-5921-387d-97c0-51a1dc18fc5c  |i 64484df0-e77b-31ac-b11c-5fd390fe7114  |t 0 
952 f f |p ric  |a Texas A&M University  |b Rellis Campus  |c Joint Library Facility  |d Remote Storage  |t 0  |e ML421.B4 D5 1983  |h Library of Congress classification  |i unmediated -- volume  |m A14811031370 
998 f f |a ML421.B4 D5 1983  |t 0  |l Remote Storage